000 00647cam a2200229 a 4500
001 4816361
005 20180302035201.0
008 890413s1990 nyu b 001 0 eng
010 _a 89006432
020 _a0415900581 :
_c$30.00
020 _a041590059X (pbk.) :
_c$13.95
040 _aDLC
_cDLC
_dDLC
041 _aeng
080 _a305.4201 NIC
082 0 0 _a305.4201 NIC
_220
100 _a50
101 _aSOC
245 0 0 _aFeminism/postmodernism /
_cedited and with an introduction by Linda J. Nicholson.
504 _aIncludes bibliographies and index.
906 _a7
_bcbc
_corignew
_d1
_eocip
_f19
_gy-gencatlg
942 _2ddc
_cBK
999 _c43945
_d43945